| 000 | 00669nam a22002297a 4500 | ||
|---|---|---|---|
| 003 | UA-OsUOA | ||
| 001 | 35889 | ||
| 007 | ta | ||
| 008 | 20051222b un ||||| |||| 00| 0 ukr d | ||
| 090 |
_a7(091)(477) _bИ90 |
||
| 942 | _cBK | ||
| 040 |
_aUA-OsUOA _bukr _cUA-OsUOA _dUA-OsUOA |
||
| 245 |
_aІсторія українського митсецтва в шести томах _cБажан М.П. _n4 |
||
| 300 | _a433 с. | ||
| 955 | _a2 | ||
| 041 | _aukr | ||
| 080 | _a7(091)(477) | ||
| 260 |
_aК. _bАкадемія наук УРСР _c1970 |
||
| 246 | 3 | 1 |
_aКнига друга _n |
| 650 | 7 |
_a7 Мистецтво. Ігри. Спорт. _2UDC |
|
| 999 |
_c322195 _d322195 |
||